Największe miasta świata - nagła śmierć - Statystyki

Ogólne statystyki
  • Ten quiz został rozwiązany 108 razy
  • Średni wynik to 11 z 20
Answers on the Grid
Answers color-coded by a green-red scale on the quiz's grid according to % correct below.
Andrychów
Bogota
Budapeszt
Colima
Cooktown
Dar Es Salaam
Jaunde
Kair
Karaczi
Kuala Lumpur
La Paz
Londyn
Madryt
Montevideo
Moskwa
Mumbai
Nowy Jork
Osaka
Paryż
Pekin
Petersburg
Quito
Rio De Janeiro
Rzym
Santiago
Sao Paolo
Tokio
Tomsk
Ułan Bator
Warszawa
 
Statystyki odpowiedzi
Odpowiedź % Poprawnych
Nowy Jork
81%
Paryż
77%
Londyn
74%
Moskwa
74%
Pekin
72%
Tokio
72%
Rio De Janeiro
67%
Rzym
60%
Kair
58%
Petersburg
58%
Sao Paolo
58%
Bogota
56%
Mumbai
56%
Madryt
53%
Kuala Lumpur
49%
Osaka
40%
Karaczi
30%
Santiago
30%
Dar Es Salaam
16%
Jaunde
9%
Nie znaleziono quizów pasujących do podanych kryteriów
Rozkład punktacji
Procent ludzi z każdym wynikiem
Percentyl według liczby udzielonych odpowiedzi
Twoja historia wyników
Nie rozwiązałeś tego quizu